MARC details
| 000 -CABECERA |
| campo de control de longitud fija |
01184nam a2200301 a 4500 |
| 001 - NÚMERO DE CONTROL |
| campo de control |
000024696 |
| 005 - FECHA Y HORA DE LA ÚLTIMA TRANSACCIÓN |
| campo de control |
20240513194432.0 |
| 008 - DATOS DE LONGITUD FIJA--INFORMACIÓN GENERAL |
| campo de control de longitud fija |
110131s1995 ag a r 000 | spa d |
| 020 ## - NÚMERO INTERNACIONAL ESTÁNDAR DEL LIBRO |
| Número Internacional Estándar del Libro |
0201625717 |
| 040 ## - FUENTE DE LA CATALOGACIÓN |
| Centro catalogador/agencia de origen |
DO-SdBNP |
| Lengua de catalogación |
spa |
| Centro/agencia transcriptor |
BNPHU |
| 041 17 - CÓDIGO DE LENGUA |
| Código de lengua del texto/banda sonora o título independiente |
eng |
| Código de lengua original |
spa |
| Fuente del código |
Código de idioma MARC |
| 082 ## - NÚMERO DE LA CLASIFICACIÓN DECIMAL DEWEY |
| Número de clasificación |
005.73 |
| Número de documento/Ítem |
W429e |
| 049 ## - FONDOS LOCALES (OCLC) |
| Fondos de biblioteca |
BNGR |
| 100 1# - ENTRADA PRINCIPAL--NOMBRE DE PERSONA |
| Nombre de persona |
Weiss, Mark Allen |
| 9 (RLIN) |
50642 |
| 240 10 - TÍTULO UNIFORME |
| Título uniforme |
Data structures and algorithm analysis. |
| Lenguaje de la obra |
Español |
| 245 10 - MENCIÓN DE TÍTULO |
| Título |
Estructuras de datos y algoritmos / |
| Mención de responsabilidad, etc. |
Mark Allen Weiss ; traducción Jorge Lozano Moreno; colaboración Andoni Eguíluz, Inés Jacob. |
| 260 ## - PUBLICACIÓN, DISTRIBUCIÓN, ETC. |
| Lugar de publicación, distribución, etc. |
Buenos Aires, (Argentina) : |
| Nombre del editor, distribuidor, etc. |
Addison-Wesley Iberoamericana, |
| Fecha de publicación, distribución, etc. |
1995. |
| 300 ## - DESCRIPCIÓN FÍSICA |
| Extensión |
489 p. : |
| Otras características físicas |
il. ; |
| Dimensiones |
24 cm. |
| 534 ## - NOTA SOBRE LA VERSIÓN ORIGINAL |
| Encabezamiento principal del original |
Título original : |
| Mención de título del original |
Data structures and algorithm analysis. |
| 500 ## - NOTA GENERAL |
| Nota general |
Incluye referencias bibliográficas |
| 650 #4 - PUNTO DE ACCESO ADICIONAL DE MATERIA--TÉRMINO DE MATERIA |
| Término de materia o nombre geográfico como elemento de entrada |
Estructuras de datos (informática) |
| 9 (RLIN) |
50643 |
| 650 #4 - PUNTO DE ACCESO ADICIONAL DE MATERIA--TÉRMINO DE MATERIA |
| Término de materia o nombre geográfico como elemento de entrada |
Algoritmos |
| 9 (RLIN) |
50644 |
| 650 #4 - PUNTO DE ACCESO ADICIONAL DE MATERIA--TÉRMINO DE MATERIA |
| Término de materia o nombre geográfico como elemento de entrada |
Estructuras de datos (informática) |
| Subdivisión general |
Especificaciones |
| 9 (RLIN) |
50645 |
| 650 #0 - PUNTO DE ACCESO ADICIONAL DE MATERIA--TÉRMINO DE MATERIA |
| Término de materia o nombre geográfico como elemento de entrada |
Procesamiento electrónico de datos |
| 9 (RLIN) |
2306 |
| 700 1# - PUNTO DE ACCESO ADICIONAL--NOMBRE DE PERSONA |
| Nombre de persona |
Jorge Lozano Moreno |
| Término indicativo de función/relación |
tr. |
| 9 (RLIN) |
50646 |
| 700 1# - PUNTO DE ACCESO ADICIONAL--NOMBRE DE PERSONA |
| Nombre de persona |
Eguíluz, Andoni |
| 9 (RLIN) |
50647 |
| 700 1# - PUNTO DE ACCESO ADICIONAL--NOMBRE DE PERSONA |
| Nombre de persona |
Jacob, Inés |
| 9 (RLIN) |
50648 |